000 00573cam a2200193 a 4500
020 _a0835917592 (pbk.) :
082 0 0 _a005.43
_bESP
_cD
100 1 _aOaks, Robert,
_936826
245 1 0 _aEpson GW- Basic version 3.2
260 _aReston, Va. :
_bReston Pub. Co.,
_cc1985.
300 _axiii, Various p. :
_bill. ;
_c24 cm.
500 _aIncludes index.
526 _a0
_b0
_c0
_d005_430000000000000_ESP
650 0 _aAuthorship
_xData processing.
_936827
650 0 _aEpson printers.
_936828
650 0 _aMCE
_9379
650 0 _aWord processing.
_936793
942 _2ddc
_cBK
999 _c541785
_d541785